书目信息 |
| 题名: |
配网不停电作业典型事故50例
|
|
| 作者: | 本书编委会 | |
| 分册: | ||
| 出版信息: | 北京 中国电力出版社 2016.03 |
|
| 页数: | 129页 | |
| 开本: | 26cm | |
| 丛书名: | ||
| 单 册: | ||
| 中图分类: | TM726 | |
| 科图分类: | ||
| 主题词: | 输电技术 , 配电系统--技术 | |
| 电子资源: | ||
| ISBN: | 978-7-5123-9035-5 | |
| 000 | 00574nam0 2200193 450 | |
| 001 | 273 | |
| 005 | 20160905103221.03 | |
| 010 | @a978-7-5123-9035-5@dCNY45.00 | |
| 100 | @a20160721d2016 km y0chiy0120 ea | |
| 101 | 0 | @achi |
| 102 | @aCN | |
| 200 | 1 | @a配网不停电作业典型事故50例@Apei wang bu ting dian zuo ye dian xing shi gu 50 li@f本书编委会@Fben shu bian wei hui |
| 210 | @a北京@c中国电力出版社@d2016.03 | |
| 215 | @a129页@d26cm | |
| 606 | 0 | @a输电技术 |
| 606 | 0 | @a配电系统@x技术 |
| 690 | @aTM726@v4 | |
| 801 | 0 | @aCN@b唐山师范学院图书馆@c20160721 |
| 905 | @aZUCC@dTM726@e36 | |
| 配网不停电作业典型事故50例/本书编委会.-北京:中国电力出版社,2016.03 |
| 129页;26cm |
| ISBN 978-7-5123-9035-5:CNY45.00 |
| ● |
| 相关链接 |
|
|
|
|
正题名:配网不停电作业典型事故50例
索取号:TM726/36
 
预约/预借
| 序号 | 登录号 | 条形码 | 馆藏地/架位号 | 状态 | 备注 |
| 1 | 901125 | 209011255 | 第二样本阅览室/ [索取号:TM726/36] | 在馆 | |
| 2 | 901126 | 209011264 | 第三借阅区/ [索取号:TM726/36] | 在馆 | |
| 3 | 901127 | 209011273 | 第三借阅区/ [索取号:TM726/36] | 在馆 | |
| 4 | 901128 | 209011282 | 第三借阅区/ [索取号:TM726/36] | 在馆 |